Japanese quality circles and productivity
Saved in:
| Main Author: | |
|---|---|
| Format: | Book |
| Language: | Undetermined |
| Published: |
Reston, Va.
Reston Pub. Co.
1982
|
| Subjects: | |
| Tags: |
Add Tag
No Tags, Be the first to tag this record!
|
| Institutions: | Trung tâm Học liệu Trường Đại học Cần Thơ |
|---|
| LEADER | 00525nam a2200181Ia 4500 | ||
|---|---|---|---|
| 001 | CTU_95117 | ||
| 008 | 210402s9999 xx 000 0 und d | ||
| 082 | |a 658.4036 | ||
| 082 | |b R823 | ||
| 100 | |a Ross, Joel E. | ||
| 245 | 0 | |a Japanese quality circles and productivity | |
| 245 | 0 | |c Joel E. Ross, William C. Ross. | |
| 260 | |a Reston, Va. | ||
| 260 | |b Reston Pub. Co. | ||
| 260 | |c 1982 | ||
| 650 | |a Quality circles.,Industrial productivity | ||
| 904 | |i Năm | ||
| 980 | |a Trung tâm Học liệu Trường Đại học Cần Thơ | ||